ARRUPE JESUIT UNIVERSITY

CORONAVIRUS -STOP THE SPREAD - CLEAN,DISINFECT,COVER

A guide to contemporary hermeneutics (Record no. 66378)

MARC details
000 -LEADER
fixed length control field 00615nam a2200217Ia 4500
003 - CONTROL NUMBER IDENTIFIER
control field 0100
005 - DATE AND TIME OF LATEST TRANSACTION
control field 20160913122745.0
008 - FIXED-LENGTH DATA ELEMENTS--GENERAL INFORMATION
fixed length control field 130303s9999 xx 000 0 und d
020 ## - INTERNATIONAL STANDARD BOOK NUMBER
International Standard Book Number 0802800941
040 ## - CATALOGING SOURCE
Transcribing agency ARRUPELIB
050 ## - LIBRARY OF CONGRESS CALL NUMBER
Classification number BS500.G85 1985
300 ## - PHYSICAL DESCRIPTION
Other physical details 385p. 22cm.
245 #2 - TITLE STATEMENT
Title A guide to contemporary hermeneutics
245 ## - TITLE STATEMENT
Remainder of title major trends in Biblical interpretation
260 ## - PUBLICATION, DISTRIBUTION, ETC. (IMPRINT)
Place of publication, distribution, etc Michigan
260 ## - PUBLICATION, DISTRIBUTION, ETC. (IMPRINT)
Name of publisher, distributor, etc William B, Eerdmans
300 ## - PHYSICAL DESCRIPTION
Extent xx
650 ## - SUBJECT ADDED ENTRY--TOPICAL TERM
Topical term or geographic name as entry element Bible
Form subdivision Criticism,interpretation
General subdivision History
Chronological subdivision 20th century
9 (RLIN) 25742
700 ## - ADDED ENTRY--PERSONAL NAME
Personal name McKim, Donald K (ed.)
9 (RLIN) 25743
942 ## - ADDED ENTRY ELEMENTS (KOHA)
Source of classification or shelving scheme Library of Congress Classification
Koha issues (borrowed), all copies 1
Koha item type Monograph ( Printed materials)
Holdings
Withdrawn status Lost status Source of classification or shelving scheme Damaged status Not for loan Home library Current library Shelving location Date acquired Total Checkouts Full call number Barcode Date last seen Date checked out Copy number Price effective from Koha item type
    Library of Congress Classification     ARRUPE LIBRARY ARRUPE LIBRARY   05/03/2013 1 BS500.G85 1985 46004002727 07/12/2016 22/05/2015 1 05/03/2013 Monograph ( Printed materials)

 

Arrupe Library. PO Box MP320 Mt Pleasant, Harare, Zimbabwe
263 242 745411|librarian@aju.ac.zw